000 00492nam a2200181 a 4500
005 20140310183139.0
008 020819s19uu xx 00 eng d
020 _a007071872
050 _aHF 5549.5.S38
_b.K59 1999
100 _aKlinvex, Kevin C.
245 _aHiring great people /
_cKevin C. Klinvex.
260 _aNew York :
_bMcGraw-Hill,
_c1999.
300 _a210 p. :
_bill. ;
_c22 cm.
521 _aBSBA
650 _aEmployee selection
942 _cBK
_2lcc
_kFOR
999 _c19352
_d19352